<?xml version="1.0" encoding="UTF-8"?>
<record
    xmlns:xsi="http://www.w3.org/2001/XMLSchema-instance"
    xsi:schemaLocation="http://www.loc.gov/MARC21/slim http://www.loc.gov/standards/marcxml/schema/MARC21slim.xsd"
    xmlns="http://www.loc.gov/MARC21/slim">

  <leader>00482nam a2200193Ia 4500</leader>
  <controlfield tag="003">STCL</controlfield>
  <controlfield tag="005">20230902223418.0</controlfield>
  <controlfield tag="008">230726s9999    xx            000 0 und d</controlfield>
  <datafield tag="020" ind1=" " ind2=" ">
    <subfield code="a">9789355012326</subfield>
  </datafield>
  <datafield tag="040" ind1=" " ind2=" ">
    <subfield code="a">STCL</subfield>
    <subfield code="c">STCL</subfield>
    <subfield code="b">EN</subfield>
  </datafield>
  <datafield tag="082" ind1=" " ind2=" ">
    <subfield code="2">22</subfield>
  </datafield>
  <datafield tag="100" ind1=" " ind2=" ">
    <subfield code="a">Aggarwal, R S</subfield>
  </datafield>
  <datafield tag="245" ind1=" " ind2="0">
    <subfield code="a">Quantitative aptitude for competitive examinations</subfield>
  </datafield>
  <datafield tag="260" ind1=" " ind2=" ">
    <subfield code="b">S Chand and Company Limited</subfield>
    <subfield code="a">New Delhi</subfield>
    <subfield code="c">2022</subfield>
  </datafield>
  <datafield tag="300" ind1=" " ind2=" ">
    <subfield code="a">910 p</subfield>
  </datafield>
  <datafield tag="365" ind1=" " ind2=" ">
    <subfield code="b">779</subfield>
  </datafield>
  <datafield tag="546" ind1=" " ind2=" ">
    <subfield code="a">English</subfield>
  </datafield>
  <datafield tag="942" ind1=" " ind2=" ">
    <subfield code="c">BK</subfield>
    <subfield code="2">ddc</subfield>
  </datafield>
  <datafield tag="999" ind1=" " ind2=" ">
    <subfield code="c">89915</subfield>
    <subfield code="d">89915</subfield>
  </datafield>
  <datafield tag="952" ind1=" " ind2=" ">
    <subfield code="0">0</subfield>
    <subfield code="1">0</subfield>
    <subfield code="2">ddc</subfield>
    <subfield code="4">0</subfield>
    <subfield code="7">0</subfield>
    <subfield code="a">STCAL</subfield>
    <subfield code="b">STCAL</subfield>
    <subfield code="c">GEN</subfield>
    <subfield code="d">2023-07-26</subfield>
    <subfield code="l">12</subfield>
    <subfield code="m">2</subfield>
    <subfield code="o">153.94 AGG-Q</subfield>
    <subfield code="p">98550</subfield>
    <subfield code="q">2026-07-06</subfield>
    <subfield code="r">2026-06-19 15:44:52</subfield>
    <subfield code="s">2026-06-19</subfield>
    <subfield code="w">2023-07-26</subfield>
    <subfield code="y">BK</subfield>
  </datafield>
  <datafield tag="952" ind1=" " ind2=" ">
    <subfield code="0">0</subfield>
    <subfield code="1">0</subfield>
    <subfield code="2">ddc</subfield>
    <subfield code="4">0</subfield>
    <subfield code="7">0</subfield>
    <subfield code="a">STCAL</subfield>
    <subfield code="b">STCAL</subfield>
    <subfield code="c">GEN</subfield>
    <subfield code="d">2023-07-26</subfield>
    <subfield code="l">12</subfield>
    <subfield code="m">5</subfield>
    <subfield code="o">153.94 AGG-Q</subfield>
    <subfield code="p">98582</subfield>
    <subfield code="r">2025-02-03 00:00:00</subfield>
    <subfield code="s">2025-01-07</subfield>
    <subfield code="w">2023-07-26</subfield>
    <subfield code="y">BK</subfield>
  </datafield>
</record>
